000 00337nam a2200145Ia 4500
003 OSt
005 20231221065946.0
008 170524s9999 xx 000 0 und d
020 _a9788184110760
040 _cIIMT UNIVERSITY
100 _aPANDEY- B. K. DESH
245 0 _aPHOTO JOURNALISM
260 _bN DELHI SONALI
942 _2ddc
_c01
999 _c9323
_d9323